Music Quiz

Random Music or Song Quiz

Debut UK Hits Quiz Stats

 Plays Quiz not verified by Sporcle

Challenge
Share
Tweet
Embed
Score 0/40 Timer 08:00
0 Plays Today
Artist Single % Correct
MadonnaHoliday
72.7%
ABBAWaterloo
72.7%
The Jackson 5I Want You Back
58.4%
David BowieSpace Oddity
55.8%
The BeatlesLove Me Do
54.5%
Bon JoviYou Give Love A Bad Name
54.5%
Elton JohnYour Song
51.9%
RihannaPon De Replay
41.6%
Whitney HoustonSaving All My Love For You
41.6%
Beastie Boys(You Gotta) Fight For Your Right (To Party)
40.3%
QueenSeven Seas Of Rhye
40.3%
Elvis PresleyHeartbreak Hotel
39%
OasisSupersonic
36.4%
AerosmithLove In An Elevator
31.2%
REMOrange Crush
27.3%
Take ThatPromises
23.4%
Destiny's ChildNo No No
23.4%
Stevie WonderUptight (Everything's Alright)
23.4%
ColdplayShiver
22.1%
Bruce SpringsteenThe River
22.1%
Artist Single % Correct
Pink FloydArnold Layne
20.8%
Celine Dion*Beauty and The Beast
20.8%
The White StripesHotel Yorba
16.9%
Lionel RichieTruly
16.9%
Justin BieberOne Time
15.6%
Bob DylanTimes They Are A-Changin
14.3%
The WhoI Can't Explain
14.3%
U2Fire
13%
Rolling StonesCome On
11.7%
MuseSunburn
7.8%
Linkin ParkOne Step Closer
7.8%
The PixiesVelouria
7.8%
MotorheadOverkill
7.8%
Backstreet BoysGet Down (You're The One For Me)
6.5%
Fleetwood MacBlack Magic Woman
5.2%
GenesisI Know What I Like (In Your Wardrobe)
5.2%
Jay-Z*Can't Knock The Hustle
3.9%
AC/DCRock 'N' Roll Damnation
2.6%
Kings Of LeonWhat I Saw
2.6%
KissCreatures Of The Night
2.6%

You're not logged in!

Compare scores with friends on all Sporcle quizzes.
Join for Free
OR
Log In

You Might Also Like...

Show Comments

Extras

Top Quizzes Today


Score Distribution

Your Account Isn't Verified!

In order to create a playlist on Sporcle, you need to verify the email address you used during registration. Go to your Sporcle Settings to finish the process.

Report this User

Report this user for behavior that violates our Community Guidelines.

Details: